000 00518cam a2200145 i 4500
005 20251112112812.0
008 250721s1996 jo gr 000 0 ara d
082 1 4 _a189
_bخ ل ي
245 1 0 _aإبن هندو :
_bسيرتة - آراؤه الفلسفية - مؤلفاته /
_cدراسة ونصوص د. سحبان خليفات.
264 3 1 _aعمان :
_bالجامعة الأردنية،
_c1996.
300 _aالجزء 2.
650 1 7 _aالفلسفة الإسلامية.
942 _2ddc
_cBK
999 _c1487
_d1487